000 01247nam a22002657a 4500
003 OSt
005 20260211085454.0
008 240821b ||||| |||| 00| 0 eng d
040 _c0
082 _aDPer 361.05 J826 January-April 2020 v. 67 n. 1-3
100 _aJennissen, Simone.
_eauthor.
_958744
245 _aInfluence of patient and therapist agreement and disagreement about their alliance on symptom severity over the course of treatment :
_ba response surface analysis /
_cSimone Jennissen, Christoph Nikendei, Johannes C. Ehrenthal, Henning Schauenburg, and Ulrike Dinger.
260 _aWashington ;
_bAmerican Psychological Association ,
_cApril 2020.
300 _aVolume 67, pages 326-336 :
_billustration ;
_c28 cm.
500 _aJournal of Counseling Psychology, vol. 67, no. 3, pages 326-336, April 2020.
650 0 _aPsychology methods trends.
_965378
650 0 _aProfessional-patient relations.
_965379
650 0 _aTreatment outcome.
_965324
700 _aJennissen, Simone.
_eauthor.
_958744
700 _aNikendei, Christoph.
_eauthor.
_958745
700 _aEhrenthal, Johannes C.
_eauthor.
_958746
700 _aSchauenburg, Henning.
_eauthor.
_958747
700 _aDinger, Ulrike.
_eauthor.
_958748
942 _2ddc
_cPER
999 _c20792
_d20792